| 000 | 00758nam a2200241Ia 4500 | ||
|---|---|---|---|
| 003 | OSt | ||
| 005 | 20220923211850.0 | ||
| 006 | a|||||r|||| 00| 0 | ||
| 007 | ta | ||
| 008 | 220922b |||||||| |||| 00| 0 hin d | ||
| 024 | _a61,703 | ||
| 037 | _cTextual | ||
| 040 |
_aARTS _cARTS _bhin |
||
| 041 |
_2hin _ahin |
||
| 082 | _aQ22:221, 152M0 | ||
| 100 | _aवर्मा, रामचन्द्र, मक | ||
| 245 | 0 | _aप›पुराण | |
| 246 | _aPa›purāṇa | ||
| 260 |
_aक्मसीप _b क्ींतंउहतंदजीं चतंांेींद _c1980 |
||
| 300 |
_a192p _ccm. |
||
| 942 |
_hQ22:221, 152M0 _cTEXL _2CC |
||
| 999 |
_c304224 _d304224 |
||